| 000 | 00417nam a2200157Ia 4500 | ||
|---|---|---|---|
| 005 | 20250603145807.0 | ||
| 008 | 250603s9999 xx 000 0 und d | ||
| 020 | _a9789785166026 | ||
| 245 | 0 | _aSure & steady transformation : progress report of president Goodluck Jonathan’s administration | |
| 260 | _aLagos | ||
| 260 | _bGDP Publishing | ||
| 260 | _c2012 | ||
| 300 | _a155 p | ||
| 650 | _aLagos | ||
| 942 | _cBK | ||
| 999 |
_c42876 _d42876 |
||